000 00367nam a2200157 4500
001 43854
090 _a43854
100 _a20241113 pory50
101 _apor
102 _aPT
200 _aOscars 60 anos
_fCinemateca Portuguesa
210 _a[Lisboa]
_cCinemateca Portuguesa
_d[D.l. 1987]
215 _a199, [1] p.
675 _a791
801 _aPT
_gRPC
990 _cLIVROS